Tài chính doanh nghiệp hiện đại

Guardat en:
Dades bibliogràfiques
Autor principal: Trần, Ngọc Thơ
Format: Llibre
Idioma:Undetermined
Publicat: Hà Nội Thống Kê 2003
Matèries:
Etiquetes: Afegir etiqueta
Sense etiquetes, Sigues el primer a etiquetar aquest registre!
Thư viện lưu trữ: Trung tâm Học liệu Trường Đại học Cần Thơ
LEADER 00575nam a2200193Ia 4500
001 CTU_56938
008 210402s9999 xx 000 0 und d
020 |c 258000 
082 |a 658.15 
082 |b Th460 
100 |a Trần, Ngọc Thơ 
245 0 |a Tài chính doanh nghiệp hiện đại 
245 0 |c Trần Ngọc Thơ 
260 |a Hà Nội 
260 |b Thống Kê 
260 |c 2003 
650 |a industrial management,finance,business enterprises 
650 |x management,finance 
980 |a Trung tâm Học liệu Trường Đại học Cần Thơ